Les villes de Fortnite Chapitre 1 Saison 7 - Statistiques

Statistiques générales
  • Ce quiz a été pris 5 797 fois
  • Le résultat moyen est 11 sur 21
Statistiques - réponses
indices Réponses % Correct
Une tomate en est le dieu Tomato Town
90%
Le village asiatique de l'île Lucky Landing
79%
Le seul lac Loot Lake
66%
Accueil un terrain de football Pleasant Park
65%
La seule ville sous la canicule Paradise Palms
64%
Connue pour sa colline et sa maison bleue Salty Springs
64%
Site de crash d'un astéroïde Dusty Divot
62%
La mégalopole Tilted Towers
62%
Le centre commercial Retail Row
58%
La zone agricole du sud de l'île Fatal Fields
51%
Un cimetière Haunted Hills
51%
Le château enneigé Polar Peak
51%
Le cinéma en plein air Risky Reels
45%
Le célèbre club de golf Lazy Links
43%
Connue pour sa tour d'observation Lonely Lodge
42%
La décharge mise à l'écart Junk Junction
38%
L'exploitation minière de la map Shifty Shafts
37%
C'est une grande forêt Wailing Woods
31%
Celle en bas du village Vikings Snobby Shores
30%
Celle qui remplace Flush Factory Happy Hamlet
24%
Lieu de décollages d'avions Frosty Flights
20%
Aucun quiz correspondant
Distribution des résultats
% des personnes avec chaque résultat
Percentile par nombre de réponses
Votre historique - résultats
Vous n’avez pas pris ce quiz